[Event "Avoine op 30th"]
[Site "Avoine"]
[Date "2015.07.24"]
[Round "7"]
[White "Gatineau, Yovann"]
[Black "Seite, Sullian"]
[Result "1/2-1/2"]
[WhiteElo "2105"]
[BlackElo "1826"]
[PlyCount "81"]
[EventDate "2015.07.18"]
[EventType "swiss"]
[EventRounds "9"]
[EventCountry "FRA"]
[SourceTitle "EXT 2016"]
[Source "ChessBase"]
[SourceDate "2015.10.08"]
[SourceVersion "1"]
[SourceVersionDate "2015.10.08"]
[SourceQuality "1"]

1. d4 d5 2. c4 e6 3. Nf3 Nf6 4. Nc3 Be7 5. Bf4 a6 6. e3 0-0 7. Bd3 Nbd7 8. c5 c6 9. 0-0 Re8 10. b4 Nf8 11. Ne5 Ng6 12. Nxg6 hxg6 13. Bg5 e5 14. Qc2 exd4 15. exd4 Be6 16. Rfe1 b5 17. Bxg6 Qd7 18. Rxe6 fxe6 19. Bxe8 Rxe8 20. Re1 Bd8 21. Bf4 Bc7 22. Qd2 Qf7 23. Bxc7 Qxc7 24. f4 a5 25. a3 axb4 26. axb4 Qa7 27. Qb2 Kf7 28. Ra1 Qc7 29. g3 Qe7 30. Qe2 Rc8 31. Kg2 Rc7 32. Qa2 Ng4 33. Qe2 Nf6 34. Qa2 Ng4 35. Nd1 Qf6 36. h3 Nh6 37. Qd2 Nf5 38. Nf2 Qxd4 39. Qxd4 Nxd4 40. Nd3 Kf6 41. g4 1/2-1/2

[Event "Avoine op 29th"]
[Site "Avoine"]
[Date "2014.07.23"]
[Round "5"]
[White "Batteux, Mickael"]
[Black "Seite, Sullian"]
[Result "1-0"]
[WhiteElo "2077"]
[BlackElo "1550"]
[PlyCount "83"]
[EventDate "2014.07.19"]
[EventType "swiss"]
[EventRounds "9"]
[EventCountry "FRA"]
[SourceTitle "CBM 161 Extra"]
[Source "ChessBase"]
[SourceDate "2014.08.29"]
[SourceVersion "1"]
[SourceVersionDate "2014.08.29"]
[SourceQuality "1"]

1. d4 Nf6 2. Nf3 c5 3. e3 d5 4. Bd3 e6 5. 0-0 Bd6 6. b3 0-0 7. Bb2 Nc6 8. Nbd2 Qe7 9. Ne5 Qc7 10. Nxc6 bxc6 11. Nf3 cxd4 12. exd4 Be7 13. Qe2 Bb7 14. Ne5 Rac8 15. Rad1 Rfd8 16. Rfe1 Qa5 17. Nxf7 Rf8 18. Ng5 Bb4 19. Qxe6+ Kh8 20. Re3 Rce8 21. Qh3 Rxe3 22. fxe3 Bc8 23. Qh4 h6 24. a3 Be7 25. Nf3 Bg4 26. Rf1 Bxf3 27. Rxf3 Bxa3 28. Bxa3 Qxa3 29. Qe1 Re8 30. h3 Qb2 31. Qf1 Re6 32. Qf2 Qa3 33. Qg3 Qe7 34. Qb8+ Qe8 35. Qxe8+ Rxe8 36. Kf2 a5 37. Ke2 a4 38. bxa4 Ra8 39. Rf1 Rxa4 40. Rb1 Ne4 41. Rb8+ Kh7 42. Re8 1-0